Γραμμικό σχέδιο

Saved in:
Bibliographic Details
Main Author: Γεωργίου, Ευγενία
Format: Book
Language:Greek
Published: Αθήνα : Ίων, c1998.
Edition:2η έκδ.
Subjects:
Tags: Add Tag
No Tags, Be the first to tag this record!

MARC

LEADER 00000cam a2200000 i 4500
001 1/93361
008 080905s1998 gr | ||| |||| ||gre||
020 |a 9604058622 
035 |l 10099962 
040 |a GR-MyUa  |b gre  |e AACR2 
041 0 |a gre 
082 7 |a 604.2   |2 (22) 
100 1 |a Γεωργίου, Ευγενία. 
245 1 0 |a Γραμμικό σχέδιο /   |c Ευγενία Γεωργίου. 
250 |a 2η έκδ. 
260 |a Αθήνα :   |b Ίων,   |c c1998. 
300 |a 79 σ. :   |b εικ. ;   |c 28 εκ. 
650 0 |a Drawing  |x Study and teaching. 
650 0 |a Mechanical drawing  |x Study and teaching. 
852 |a INST  |b SYROS  |e 20080905  |h 604.2 ΓΕΩ  |p 005500005547  |q 005500005547  |t BK  |y 0 
901 |a BIBL5-2008-2 
922 |a 5ΕΛΗ  |b 200711  |c ΕΠΕΑΕΚ2/ΤΜΣΠΣ  |d Σ. Πατάκης 
970 |a Καγιαβά  |b Ειρήνη  |z 05/09/2008